Parole italiane che derivano da lingue dell'India - Statistics

Statistiche generali
  • Questo quiz è stato fatto 50 volte
  • Il punteggio medio è 7 su 10
Statistiche sulle risposte
Indizio Parola Lingua % Corretto
Insieme di tecniche di regolamentazione della mente e del corpo che si manifestano in una disciplina il cui scopo è rimanere fermi in complesse posizioni; oggi è piuttosto diffusa anche in Occidente. Yoga Sanscrito
95%
Indumento notturno, che si indossa soltanto per andare a dormire o comunque all'interno delle mura domestiche. Pigiama Urdu
85%
Sapone schiumoso specifico per la pulizia dei capelli, spesso arricchito con diversi principi e aromi. Shampoo Hindi
85%
Simbolo a croce uncinata che nelle culture indiane rappresenta il sole, ma che è ben più noto per essere stato adottato come stemma del partito nazista. Svastica Sanscrito
83%
Tipo di calzatura aperta, costituita da una suola dura e dei legacci, tipicamente in cuoio; è anche il nome di un legno profumato. Sandalo Sanscrito
80%
Fitta e rigogliosa foresta dell'Asia meridionale, popolata da diversi animali e, in un famoso libro, anche dal bambino Mowgli. Giungla Hindi
71%
Fazzoletto leggero, generalmente colorato, che si pone sulla testa (legandolo con un nodo alla nuca) per proteggersi dal sole. Bandana Sanscrito
61%
Sinonimo di "santone", "guida spirituale", "maestro". Guru Hindi
56%
Sorta di terrazza coperta, di solito in legno, antistante ad un'abitazione o a un albergo. Veranda Hindi e Bengalese
37%
Sorta di formula, motto, originariamente una formula magica, che riassume il principio secondo il quale qualcuno agisce. Mantra Sanscrito
32%
Nessun quiz corrispondente trovato
Distribuzione punteggi
Percentuale di utenti per punteggio
Percentile per numero di risposta
I tuoi punteggi nel tempo
Non hai fatto questo quiz